[Event "1st Asean Open"]
[Site "Bandar Seri Begawan BRU"]
[Date "2001.07.31"]
[Round "3"]
[White "Aung Thant Zin"]
[Black "Jiravorasuk,B"]
[Result "1/2-1/2"]
[WhiteElo "2420"]
[BlackElo "2269"]

1.e4 c5 2.Nf3 d6 3.Bb5+ Bd7 4.Bxd7+ Qxd7 5.O-O Nc6 6.c3 Nf6 7.Re1 e6 8.d4 cxd4
9.cxd4 d5 10.e5 Ne4 11.Nbd2 Nxd2 12.Bxd2 Rc8 13.Rc1 Be7 14.Bc3 O-O 15.a3 b5
16.Qd3 Qb7 17.b4 h6 18.Bd2 a5 19.bxa5 Ra8 20.Rb1 Rfb8 21.Bb4 Nxa5 22.a4 Nc4
23.Bxe7 Qxe7 24.Rxb5 Rxb5 25.axb5 Ra3 26.Qc2 Qa7 27.Rb1 Qb6 28.h3 Ra5 29.Qb3 Na3
30.Ra1 Nxb5 31.Rb1 Qa7 32.Qb4 Na3 33.Rb3 Nc4 34.Kh2 Ra2 35.Kg3 Ra3 36.Rxa3 Qxa3
37.Qxa3 Nxa3 38.Nd2 Nb5 39.Nb3 Kf8 40.f4 Ke7 41.Kf3 h5 42.g4 hxg4+ 43.hxg4 f6
44.f5 exf5 45.gxf5 Nxd4+ 46.Nxd4 fxe5 47.Nc6+ Kf6 48.Nb4  1/2-1/2

[Event "MTO"]
[Site "Biel SUI"]
[Date "2001.07.31"]
[Round "8"]
[White "Schlichthaar,R"]
[Black "Bozinovic,Bog"]
[Result "0-1"]
[WhiteElo "2152"]
[BlackElo "2297"]

1.e4 c5 2.Nf3 d6 3.Bb5+ Nd7 4.d4 cxd4 5.Qxd4 e5 6.Qd3 h6 7.Be3 Nf6 8.Nc3 Be7
9.O-O-O O-O 10.h3 Qc7 11.Bc4 a6 12.Bd5 Nc5 13.Bxc5 Qxc5 14.Rd2 Rb8 15.Qc4 Qa5
16.Kb1 b5 17.Qb3 b4 18.Ne2 Bd7 19.Ng3 Nxd5 20.Rxd5 Qc7 21.Rd2 g6 22.Re1 Be6
23.Qe3 Kg7 24.b3 a5 25.Nf1 a4 26.Qd3 Qa5 27.Ne3 Rfc8 28.Nd5 Bd8 29.Red1 Rc5
30.Qe2 Rbc8 31.Ne3 Be7 32.Nd5 Bd8 33.Ne3 Qc7 34.Qd3 axb3 35.cxb3 Rc1+ 36.Kb2 Qa5
37.Nc4 R1xc4 38.bxc4 Bxc4 39.Qb1 Bf6 40.Rc2 Bxa2 41.Rxc8 Qa3+ 42.Kc2 b3+
43.Kc3 b2+ 44.Kc2 Qb3+ 45.Kd2 Qb4+ 46.Kd3 Bxb1+ 47.Rxb1 d5  0-1

[Event "Smith & Williamson ch-GBR"]
[Site "Scarborough HUN"]
[Date "2001.07.31"]
[Round "2"]
[White "Rowson,J"]
[Black "Jackson,A"]
[Result "1-0"]
[WhiteElo "2514"]
[BlackElo "2230"]

1.e4 c5 2.Nf3 d6 3.Bb5+ Nd7 4.d4 Nf6 5.Nc3 cxd4 6.Qxd4 e5 7.Qd3 h6 8.Be3 Be7
9.O-O O-O 10.Bc4 a6 11.a4 Qc7 12.Nh4 Kh7 13.Nf5 Nc5 14.Bxc5 dxc5 15.Ne3 Be6
16.Ncd5 Bxd5 17.Bxd5 Nxd5 18.Nxd5 Qd6 19.Qb3 Bg5 20.Rad1 Qg6 21.Nc3 f5 22.Qc4 fxe4
23.Nxe4 Rf4 24.f3 Rh4 25.g3 Be3+ 26.Kg2 Rh5 27.Rd6  1-0

[Event "Ladies"]
[Site "Hasselbacken SWE"]
[Date "2001.08.01"]
[Round "5"]
[White "Berg,Su"]
[Black "Ericsson,S"]
[Result "1/2-1/2"]
[WhiteElo "2076"]
[BlackElo "2040"]

1.e4 c5 2.Nf3 d6 3.Bb5+ Bd7 4.Bxd7+ Qxd7 5.O-O Nc6 6.d4 cxd4 7.Nxd4 Nf6 8.Nc3 g6
9.Bg5 Bg7 10.Nxc6 bxc6 11.Re1 Qc7 12.Qd2 h6 13.Be3 Ng4 14.Bf4 e5 15.Be3 O-O
16.h3 Nxe3 17.Rxe3 Rab8 18.b3 Rfd8 19.Rd3 d5 20.Rd1 d4 21.Na4 Kh7 22.Rf3 Rf8
23.Qd3 Qa5 24.g4 Rb7 25.a3 Re7 26.Kh2 f5 27.gxf5 gxf5 28.Rg1 Qb5 29.c4 Qb8
30.Nc5 Qd6 31.b4 Ref7 32.Kh1 f4 33.Nb3 Bf6 34.Na5 Qc7 35.c5 Rg7 36.Rxg7+ Kxg7
37.Nc4 Kg8 38.Nd6 Kh7 39.Nf5 Qf7 40.Qf1 Qa2 41.Rd3 Qc2 42.Kh2 a5 43.bxa5 Ra8
44.Rd1 Rxa5 45.Rc1 Qxe4 46.Nd6 Qg6 47.Qc4  1/2-1/2

[Event "It"]
[Site "Nikolaev UKR"]
[Date "2001.08.01"]
[Round "1"]
[White "Nakonechny,S"]
[Black "Alexikov,A"]
[Result "0-1"]
[WhiteElo "2237"]
[BlackElo "2405"]

1.e4 c5 2.Nf3 d6 3.Bb5+ Nd7 4.d4 cxd4 5.Qxd4 Nf6 6.Bg5 a6 7.Ba4 b5 8.Bb3 e5
9.Bxf6 Nxf6 10.Qd3 Be7 11.Nc3 Bb7 12.a4 Qa5 13.O-O b4 14.Nd5 Bxd5 15.Bxd5 Nxd5
16.exd5 O-O 17.Nd2 f5 18.Nc4 Qc5 19.b3 a5 20.Rad1 g6 21.Rfe1 Rac8 22.Re2 Qa7
23.Qe3 Rc5 24.Qh6 Qa8 25.Red2 Qc8 26.Rd3 Rf7 27.Qd2 Bf8 28.c3 bxc3 29.Rxc3 Qb7
30.Na3 Bh6 31.Qc2 Rxd5 32.Rc8+ Bf8 33.Rxd5 Qxd5 34.h3 e4 35.Nb5 Qe5 36.Qc3 Qxc3
37.Nxc3 Rd7 38.Nd5 Kf7 39.Rb8 Bg7 40.Rb5 Ra7 41.Kf1 Bd4 42.Ke2 Bc5 43.f3 Ke6
44.Nc3 Ke5 45.Rb8 Re7 46.Rd8 Re6 47.Nb5 Kf4 48.fxe4 Kg3 49.Nc3 fxe4 50.Rf8 Re5
51.Rf7 d5 52.Rxh7 d4 53.Nd1 d3+ 54.Kd2 e3+ 55.Nxe3 Bxe3+ 56.Kxd3 g5 57.Rg7 Kf2
58.Kc4 Kxg2 59.h4  0-1

[Event "It"]
[Site "Nikolaev UKR"]
[Date "2001.08.02"]
[Round "2"]
[White "Kalygin,S"]
[Black "Areshchenko,A"]
[Result "0-1"]
[WhiteElo "2439"]
[BlackElo "2462"]

1.e4 c5 2.Nf3 d6 3.Bb5+ Nd7 4.a4 Nf6 5.Nc3 e6 6.O-O a6 7.Be2 b6 8.d4 cxd4
9.Nxd4 Bb7 10.Re1 Be7 11.Bd3 O-O 12.Bg5 Rc8 13.Bh4 Ne5 14.Bg3 Nc4 15.Bxc4 Rxc4
16.Qd3 Qc8 17.Nd1 Nxe4 18.Ne3 Rc5 19.f3 Nxg3 20.hxg3 Rd8 21.Qb3 Bf6 22.c3 Qc7
23.Ng4 Be7 24.Rad1 Bd5 25.Qc2 h5 26.Nf2 Bf6 27.Nb3 Bxb3 28.Qxb3 d5 29.f4 Rc4
30.Nd3 Qc6 31.Kh2 Rxa4 32.Nb4 Qb5 33.Qc2 a5 34.Nd3 Re4 35.Rxe4 dxe4 36.Nf2 Rxd1
37.Nxd1 Qf1 38.Ne3 Qd3 39.Qxd3 exd3 40.Nd1 a4 41.Kg1 b5  0-1

[Event "It"]
[Site "Nikolaev UKR"]
[Date "2001.08.02"]
[Round "2"]
[White "Zavgorodniy,S"]
[Black "Karjakin,Sergey"]
[Result "1-0"]
[WhiteElo "2453"]
[BlackElo "2338"]

1.e4 c5 2.Nf3 d6 3.Bb5+ Nd7 4.d4 Nf6 5.Nc3 a6 6.Bxd7+ Nxd7 7.O-O e6 8.Bg5 Qc7
9.Re1 cxd4 10.Nxd4 h6 11.Nxe6 Qc6 12.Nxf8 hxg5 13.Nxd7 Bxd7 14.Qd4 Kf8 15.Nd5 Be6
16.Nb4 Qc7 17.Rad1 Rd8 18.Qe3 f6 19.c3 Kf7 20.Qg3 Rh4 21.h3 a5 22.Nd5 Qd7
23.f3 Rdh8 24.Ne3 Rd8 25.c4 Qc6 26.b3 a4 27.Rd3 axb3 28.axb3 b5 29.Red1 bxc4
30.bxc4 Rf4 31.Qf2 Rh4 32.Rd4 Qc5 33.Nc2 Qe5 34.Nb4 Rdh8 35.Nc6 Qc5 36.Rxd6 Qxf2+
37.Kxf2 Bc8 38.Rd8 f5 39.exf5 Bxf5 40.g4 Be6 41.Rxh8 Rxh8 42.Nd8+ Ke7 43.Nxe6 Kxe6
44.Kg3 Rc8 45.Rd5 Kf6 46.Rf5+ Kg6 47.c5 Kh6 48.f4 gxf4+ 49.Kxf4 g6 50.Re5 Kg7
51.Ke4 Kf7 52.Kd5 Rd8+ 53.Kc6 Kf6 54.Rd5 Rh8 55.Kd7 Rh7+ 56.Kd6 Rh8 57.c6 Rd8+
58.Kc5 Rc8 59.Kb6 Rb8+ 60.Ka7  1-0

[Event "Inline Czechia Cup"]
[Site "Olomouc CZE"]
[Date "2001.08.02"]
[Round "1"]
[White "Husted,P"]
[Black "Tupy,M"]
[Result "1/2-1/2"]
[WhiteElo "2171"]
[BlackElo "2290"]

1.e4 c5 2.Nf3 d6 3.Bb5+ Nc6 4.O-O Bd7 5.Re1 a6 6.Bxc6 Bxc6 7.d4 cxd4 8.Qxd4 Nf6
9.c4 e6 10.Nc3 Be7 11.Bg5 O-O 12.Rad1 Qc7 13.h3 Rfd8 14.Rc1 Be8 15.Qd2 Rac8
16.b3 Qb8 17.Qe3 b5 18.e5 dxe5 19.Nxe5 Qb7 20.cxb5 axb5 21.Ng4 Nxg4 22.hxg4 Bxg5
23.Qxg5 Bc6 24.f3 Rd4 25.Rcd1 h6 26.Qe3 Rdd8 27.Rxd8+ Rxd8 28.Rd1 Ra8 29.Rd2 Kf8
30.Qc5+ Kg8 31.Rd6 Be8 32.Rb6 Qa7 33.Nxb5 Bxb5 34.Rxb5 Qxa2 35.Rb7 Qb2 36.Qd6 Ra2
37.Qg3 Kh7 38.Rxf7 Qxb3 39.Qf4 Qc2 40.Qg3 Ra1+ 41.Kh2 Qc3 42.Qc7  1/2-1/2

[Event "Smith & Williamson ch-GBR"]
[Site "Scarborough HUN"]
[Date "2001.08.02"]
[Round "4"]
[White "Walker,Martin"]
[Black "Gallagher,Jo"]
[Result "1/2-1/2"]
[WhiteElo "2109"]
[BlackElo "2516"]

1.e4 c5 2.Nf3 d6 3.Bb5+ Nd7 4.d4 Nf6 5.Nc3 cxd4 6.Qxd4 e5 7.Qd3 h6 8.Be3 Be7
9.O-O-O a6 10.Ba4 b5 11.Bb3 Bb7 12.h3 Rc8 13.Nd5 Bxd5 14.Bxd5 Nxd5 15.Qxd5 Qc7
16.Qd3 Nf6 17.Kb1 O-O 18.Nh4 Rfd8 19.Nf5 Bf8 20.Bc1 d5 21.exd5 Nxd5 22.Qe2 b4
23.Ne3 Nf4 24.Qxa6 Rxd1 25.Rxd1 Nxg2 26.Qa4 Nxe3 27.Bxe3 Rd8 28.Rxd8 Qxd8
29.Qc6 Qd1+ 30.Bc1 Qf1 31.Qf3 Bc5 32.Qa8+ Kh7 33.Qe4+ g6 34.Qxe5 Qxf2 35.a4 bxa3
36.bxa3 Bd4 37.Qd5 Bg7 38.Bb2 Qb6  1/2-1/2

[Event "Ladies"]
[Site "Hasselbacken SWE"]
[Date "2001.08.03"]
[Round "7"]
[White "Johnsen,Sy"]
[Black "Ericsson,S"]
[Result "1-0"]
[WhiteElo "2044"]
[BlackElo "2040"]

1.e4 c5 2.Nf3 d6 3.Bb5+ Bd7 4.Qe2 e6 5.O-O g6 6.c3 Bg7 7.d4 cxd4 8.cxd4 Ne7
9.Bc4 O-O 10.Nc3 e5 11.dxe5 dxe5 12.Bg5 h6 13.Be3 Nbc6 14.Rfd1 Qc8 15.Rac1 Be6
16.Nd5 Re8 17.b4 Qb8 18.Bc5 Bxd5 19.exd5 e4 20.dxc6 exf3 21.Qxf3  1-0

[Event "Smith & Williamson ch-GBR"]
[Site "Scarborough HUN"]
[Date "2001.08.03"]
[Round "5"]
[White "Trent,L"]
[Black "Kennedy,J"]
[Result "1/2-1/2"]
[WhiteElo "2249"]
[BlackElo "2042"]

1.e4 c5 2.Nf3 d6 3.Bb5+ Bd7 4.a4 Nc6 5.O-O Nf6 6.Re1 g6 7.d3 Bg7 8.Nbd2 O-O
9.Nc4 Rc8 10.h3 Nd4 11.Bxd7 Nxd7 12.c3 Nxf3+ 13.Qxf3 Ne5 14.Qe2 Qd7 15.Ne3 Nc6
16.f4 e6 17.f5 exf5 18.exf5 d5 19.Rf1 Rfe8 20.f6 d4 21.fxg7 dxe3 22.Bxe3 Nd4
23.Qf2 Nc2 24.Qxc2 Rxe3 25.Rad1 Qe7 26.Qf2 Kxg7 27.d4 c4 28.d5 Re2 29.Qd4+ Qe5
30.d6 Qxd4+ 31.Rxd4 Rxb2 32.d7 Rd8 33.Rfd1 b5 34.axb5 Rxb5 35.Rxc4 Rb7 36.Rcd4 Kf8
37.c4 Ke7 38.Re1+ Kf8  1/2-1/2

[Event "Smith & Williamson ch-GBR"]
[Site "Scarborough HUN"]
[Date "2001.08.03"]
[Round "5"]
[White "Shaw,J"]
[Black "Chandler,M"]
[Result "1/2-1/2"]
[WhiteElo "2478"]
[BlackElo "2540"]

1.e4 c5 2.Nf3 d6 3.Bb5+ Bd7 4.Bxd7+ Qxd7 5.O-O Nc6 6.b3 Nf6 7.Re1 g6 8.c3 Bg7
9.d4 cxd4 10.cxd4 d5 11.e5 Ne4 12.Bb2 O-O 13.Nbd2 Nxd2 14.Qxd2 Rfc8 15.h4 Qf5
16.Rac1 Bf8 17.Rc5 b6 18.Rc3 Nd8 19.Rec1 Rxc3 20.Qxc3 Bh6 21.Rc2 Ne6 22.g3 Rd8
23.Ba3 Bf8 24.Kg2 h6 25.Re2 Rc8 26.Qd2 Qg4 27.Bb2 Bg7 28.Ng1 Qf5 29.Ba3 Bf8
30.f3 Qb1 31.Nh3 Qa1 32.Nf4 Qxd4 33.Nxd5 Rd8 34.Qxd4 Nxd4  1/2-1/2

[Event "FSGM August"]
[Site "Budapest HUN"]
[Date "2001.08.04"]
[Round "1"]
[White "Bhat,V"]
[Black "Breder,D"]
[Result "0-1"]
[WhiteElo "2404"]
[BlackElo "2411"]

1.e4 c5 2.Nf3 d6 3.Bb5+ Bd7 4.Bxd7+ Qxd7 5.c4 Nc6 6.Nc3 Nf6 7.O-O g6 8.d4 cxd4
9.Nxd4 Bg7 10.Nde2 O-O 11.f3 Rac8 12.Bg5 Qd8 13.Kh1 a6 14.a4 Re8 15.Rb1 Qa5
16.Bh4 Ne5 17.b3 Qc5 18.Qd2 Ned7 19.Rfd1 Qa5 20.Be1 h6 21.Qa2 Qc7 22.a5 e6
23.Rbc1 Ne5 24.Na4 Nfd7 25.Qa3 Bf8 26.Bb4 Nc5 27.Nb6 Rcd8 28.Nf4 Be7 29.Bd2 Ncd3
30.Nxd3 Nxd3 31.Bxh6 Nf2+ 32.Kg1 Nxd1 33.Rxd1 Qc5+ 34.Qxc5 dxc5 35.Nd7 g5
36.h4 gxh4 37.Kf2 f6 38.Bf4 Kf7 39.Bc7 Rc8 40.Bb6 Rg8 41.Rd2 Rg7 42.e5 f5
43.Nf6 Bxf6 44.exf6 Kxf6 45.Bd8+ Kg6 46.Bxh4 f4 47.Kf1 Kf5 48.Bf2 Rh7 49.Rd6 Ke5
50.Rd2  0-1

[Event "UPI"]
[Site "Mancha Real ESP"]
[Date "2001.08.04"]
[Round "6"]
[White "Rodriguez Guerrero,E"]
[Black "Vera,R"]
[Result "0-1"]
[WhiteElo "2295"]
[BlackElo "2563"]

1.e4 c5 2.Nf3 d6 3.Bb5+ Nd7 4.d4 Nf6 5.Nc3 cxd4 6.Qxd4 e5 7.Qd3 h6 8.Be3 Be7
9.Bc4 a6 10.a4 Qc7 11.O-O Nc5 12.Bxc5 Qxc5 13.Nd5 Nxd5 14.Bxd5 Rb8 15.a5 O-O
16.Nd2 Be6 17.Bxe6 fxe6 18.Nc4 Rf7 19.b3 Rbf8 20.Qe2 Bh4 21.g3 Bd8 22.Qe3 Qc6
23.Rad1 Bc7 24.Rd3 Rf3 25.Qe2 Rxd3 26.Qxd3 Qc5 27.Qd2 Rd8 28.Rd1 d5 29.Qe3 Qb5
30.exd5 exd5 31.Nd2 Qxa5 32.Nf3 Rf8 33.c4 dxc4 34.bxc4 Qa4 35.Rb1 Qxc4 36.Rxb7 a5
37.Qa7 Rf7 38.Qe3 Qa4 39.h3 Qc6 40.Qa7 Qxf3 41.Rxc7 Qd1+ 42.Kh2 Rxc7 43.Qxc7 Qd4
44.Qc8+ Kf7 45.Kg1 e4 46.Kg2 Qd5 47.Qc7+ Kg8 48.Qc8+ Kh7 49.Qc1 Qd3  0-1

[Event "US Open"]
[Site "Framingham USA"]
[Date "2001.08.06"]
[Round "3"]
[White "Szpisjak,S"]
[Black "Kudrin,S"]
[Result "0-1"]
[WhiteElo "2240"]
[BlackElo "2519"]

1.e4 c5 2.Nf3 d6 3.Bb5+ Nc6 4.O-O Bd7 5.Re1 a6 6.Bxc6 Bxc6 7.d4 cxd4 8.Nxd4 Bd7
9.b3 e6 10.Bb2 Nf6 11.c4 b5 12.Nd2 Be7 13.Qe2 Qb6 14.e5 dxe5 15.Qxe5 Qc5
16.a3 Qxe5 17.Rxe5 Bd6 18.Re2 O-O 19.b4 bxc4 20.Nxc4 Bc7 21.Ne5 Bb5 22.Nxb5 axb5
23.Rc1 Bxe5 24.Rxe5 Nd5 25.Re2 Nf4 26.Rd2 Rfd8 27.Rcd1 Rxd2 28.Rxd2 Rc8 29.g3 Nd5
30.Kf1 f6 31.Ke2 Kf7 32.Kd1 Nb6 33.Rc2 Nc4 34.Kc1 e5 35.Kb1 Ke6 36.Ka2 h5
37.Kb3 Kd5 38.f3 Rc6 39.Bc3 Rc8 40.a4 bxa4+ 41.Kxa4 Ra8+  0-1

[Event "Smith & Williamson ch-GBR"]
[Site "Scarborough HUN"]
[Date "2001.08.06"]
[Round "7"]
[White "Shaw,J"]
[Black "Ward,C"]
[Result "1-0"]
[WhiteElo "2478"]
[BlackElo "2493"]

1.e4 c5 2.Nf3 d6 3.Bb5+ Bd7 4.Bxd7+ Qxd7 5.c4 Nc6 6.Nc3 Ne5 7.d4 Nxf3+ 8.gxf3 cxd4
9.Qxd4 e6 10.Be3 Ne7 11.O-O-O Nc6 12.Qd2 Ne5 13.Qe2 Qc6 14.b3 Be7 15.Rhg1 O-O
16.f4 Nd7 17.f5 Bf6 18.Bd4 e5 19.Be3 b5 20.Nxb5 Qxe4 21.Nxd6 Qc6 22.Qg4 e4
23.Nxe4 Ne5 24.Nxf6+ Qxf6 25.Qg5 Qxg5 26.Rxg5 f6 27.Rg3 Rf7 28.Bf4 Nc6 29.Rgd3 Re7
30.Re3 Kf7 31.Rd6 Rc8 32.Kb2 Rb7 33.Red3 Ke8 34.Rh3 Ne7 35.Kc3 Nxf5 36.Ra6 h6
37.Rd3 Kf7 38.Rd5 Ne7 39.Rda5 Nc6 40.Rc5 Ne7 41.Rxc8 Nxc8 42.c5 g5 43.Be3 Kg6
44.Bd4 Rf7 45.Kc4 g4 46.b4 Kg5 47.Be3+ Kg6 48.b5 h5 49.Rc6 Ne7 50.Rc7 Nf5
51.Rxf7 Kxf7 52.b6 axb6 53.cxb6 Ke6 54.Bc5 Kd7 55.Kb5 h4 56.b7  1-0

[Event "Nordic Championships"]
[Site "Bergen NOR"]
[Date "2001.08.07"]
[Round "4"]
[White "Carlsson,P"]
[Black "Olsson,L"]
[Result "1-0"]
[WhiteElo "2330"]
[BlackElo "2196"]

1.e4 c5 2.Nf3 d6 3.Bb5+ Nd7 4.d4 Nf6 5.Nc3 a6 6.Bxd7+ Nxd7 7.O-O cxd4 8.Qxd4 e6
9.Bg5 f6 10.Be3 Qc7 11.Nd2 Ne5 12.f4 Ng4 13.Nb3 g5 14.fxg5 Nxe3 15.Qxe3 fxg5
16.Qxg5 Qg7 17.Qa5 Rg8 18.Rf2 Be7 19.Nb5 b6 20.Nc7+ Kd7 21.Qxb6 Bd8 22.Rd1 Bxc7
23.Nc5+ Ke8 24.Qc6+ Kd8 25.Rxd6+ Bxd6 26.Qxd6+ Ke8 27.Qc6+ Kd8 28.Qxa8 Qg4
29.Rd2+ Ke7 30.Qa7+ Kf6 31.Rf2+ Ke5 32.Nd3+  1-0

[Event "It"]
[Site "Montreal CAN"]
[Date "2001.08.07"]
[Round "6"]
[White "Oral,T"]
[Black "Krush,I"]
[Result "1-0"]
[WhiteElo "2540"]
[BlackElo "2421"]

1.e4 c5 2.Nf3 d6 3.Bb5+ Bd7 4.Bxd7+ Qxd7 5.c4 Nc6 6.Nc3 Nf6 7.d4 cxd4 8.Nxd4 Qg4
9.Qxg4 Nxg4 10.Nxc6 bxc6 11.Bf4 Rb8 12.h3 Nf6 13.O-O-O Nd7 14.Rhe1 g6 15.e5 dxe5
16.Rxe5 Bg7 17.Ra5 Rb7 18.Na4 O-O 19.b3 f5 20.Be3 Ra8 21.Ra6 Rc7 22.Rxd7 Rxd7
23.Nb6 axb6 24.Rxa8+ Kf7 25.Bxb6 Bh6+ 26.Kc2  1-0

[Event "Smith & Williamson ch-GBR"]
[Site "Scarborough HUN"]
[Date "2001.08.07"]
[Round "8"]
[White "Walker,Martin"]
[Black "Rowson,J"]
[Result "0-1"]
[WhiteElo "2109"]
[BlackElo "2514"]

1.e4 c5 2.Nf3 d6 3.Bb5+ Nd7 4.d4 Nf6 5.Nc3 cxd4 6.Qxd4 e5 7.Qd3 h6 8.Be3 Be7
9.O-O a6 10.Ba4 O-O 11.Rad1 b5 12.Bb3 Bb7 13.a3 Qc7 14.Nh4 Nc5 15.Bxc5 dxc5
16.Nf5 c4 17.Qg3 g6 18.Nd5 Bxd5 19.exd5 Ne4 20.Nxe7+ Qxe7 21.Qe3 Nd6 22.Ba2 Kh7
23.Rfe1 Rae8 24.c3 f5 25.f4 e4 26.b3 cxb3 27.Bxb3 Rc8 28.Qd4 Qc7 29.Re3 Qc5
30.a4 Qxd4 31.cxd4 b4 32.a5 Rfd8 33.Rb1 Nb5 34.Ba4 Nc3 35.Rxb4 Nxd5 36.Rb7+ Kh8
37.Reb3 e3 38.Rb1 Nc3 39.R1b6 Nxa4 40.Rxg6 Rc1+  0-1

[Event "Smith & Williamson ch-GBR"]
[Site "Scarborough HUN"]
[Date "2001.08.07"]
[Round "8"]
[White "Chandler,M"]
[Black "Gallagher,Jo"]
[Result "0-1"]
[WhiteElo "2540"]
[BlackElo "2516"]

1.e4 c5 2.Nf3 d6 3.Bb5+ Nd7 4.d4 Nf6 5.Nc3 cxd4 6.Qxd4 e5 7.Qd3 h6 8.Be3 Be7
9.Bc4 a6 10.a4 Qc7 11.O-O Nc5 12.Bxc5 Qxc5 13.Rab1 Be6 14.Nd2 Rc8 15.Bxe6 fxe6
16.Qh3 Kf7 17.Nb3 Qc7 18.Kh1 g5 19.Rbd1 h5 20.Qd3 Qb6 21.Qe2 Qb4 22.Rd3 b5
23.axb5 axb5 24.h4 g4 25.f4 Qc4 26.Nd2 Qc5 27.f5 b4 28.fxe6+ Kxe6 29.Nd5 Nxd5
30.exd5+ Kd7 31.c3 Rhf8 32.Ne4 Qc4 33.Ra1 bxc3 34.bxc3 Ra8 35.Rb1 Ra2 36.Qe3 Rf4
37.Ng3 Qa6 38.Nxh5 Ra1 39.Rxa1 Qxa1+ 40.Kh2 g3+ 41.Kxg3 Bxh4+ 42.Kh2 Bf2
43.Qxf4 exf4 44.Nxf4 Qg1+ 45.Kh3 Be3 46.Ne2 Qh1+ 47.Kg3 Qe1+ 48.Kf3 Qf2+
49.Ke4 Bh6  0-1

[Event "Slavonija Swiss"]
[Site "Vukovar CRO"]
[Date "2001.08.08"]
[Round "7"]
[White "Kosanovic,G"]
[Black "Stevic,H"]
[Result "0-1"]
[WhiteElo "2430"]
[BlackElo "2485"]

1.e4 c5 2.Nf3 d6 3.Bb5+ Nd7 4.d4 Nf6 5.Nc3 a6 6.Bxd7+ Nxd7 7.d5 g6 8.Bg5 Bg7
9.O-O b5 10.Qd2 h6 11.Bf4 Nb6 12.h3 g5 13.Bg3 Nc4 14.Qc1 Qa5 15.Nd1 g4 16.hxg4 Bxg4
17.c3 Bxf3 18.gxf3 b4 19.cxb4 Qxb4 20.a3 Qb3 21.Ne3 Nxe3 22.Qxe3 Qxe3 23.fxe3 Bxb2
24.Ra2 Bf6 25.Rb1 O-O 26.Rc2 Rfb8 27.Rxb8+ Rxb8 28.e5 dxe5 29.Rxc5 Rb3 30.Ra5 Rxe3
31.Kf2 Rd3 32.Ke2 e4 33.Rxa6 Rxf3 34.Bf2 Bg5 35.a4 Ra3 36.a5 Ra2+  0-1

[Event "12th Sueder Summer"]
[Site "Recklinghausen GER"]
[Date "2001.08.09"]
[Round "6"]
[White "Rotstein,A"]
[Black "Khenkin,I"]
[Result "0-1"]
[WhiteElo "2499"]
[BlackElo "2579"]

1.e4 c5 2.Nf3 d6 3.Bb5+ Bd7 4.Bxd7+ Qxd7 5.c4 Nc6 6.Nc3 Ne5 7.O-O Nxf3+ 8.Qxf3 g6
9.Rb1 Bg7 10.b4 Be5 11.Ne2 Nf6 12.Qd3 Qe6 13.f4 Bd4+ 14.Nxd4 cxd4 15.Qxd4 Qxe4
16.Qxe4 Nxe4 17.Re1 f5 18.Bb2 Rf8 19.d3 Nf6 20.Re6 Kf7 21.Re2 Rfe8 22.a4 a5
23.Bd4 axb4 24.Rxb4 Reb8 25.Reb2 Ra6 26.h3 Ke6 27.Kf2 Nd7 28.Kf3 b6 29.g4 Rba8
30.gxf5+ gxf5 31.Re2+ Kf7 32.Rg2 e5 33.Be3 Rxa4 34.Rxa4 Rxa4 35.Rg5 Ke6 36.Rh5 e4+
37.dxe4 fxe4+ 38.Kf2 Rxc4 39.f5+ Ke5 40.Rxh7 Nf6 41.Rf7 Rc2+ 42.Kg3 Rc3 43.Kf2 Nd5
44.Bh6 Rxh3 45.Bg7+ Kf4 46.Kg2 Kg4 47.Be5 Nf4+ 48.Kf1 e3  0-1

[Event "I American Continental"]
[Site "Cali COL"]
[Date "2001.08.10"]
[Round "1"]
[White "Godoy C.,M"]
[Black "Ricardi,P"]
[Result "0-1"]
[WhiteElo "2120"]
[BlackElo "2545"]

1.e4 c5 2.Nf3 d6 3.Bb5+ Nd7 4.c3 Nf6 5.d3 a6 6.Ba4 e6 7.Nbd2 Be7 8.O-O O-O
9.Re1 b5 10.Bc2 Bb7 11.Nf1 Re8 12.Ng3 Bf8 13.d4 cxd4 14.cxd4 Rc8 15.Bd2 Qc7
16.Bd3 Qb8 17.Qe2 e5 18.d5 Nc5 19.Rac1 g6 20.h3 Bxd5 21.exd5 e4 22.Bb1 exf3
23.Qxf3 Bg7 24.Bc3 Rxe1+ 25.Rxe1 Re8 26.Rxe8+ Nxe8 27.Ne4 Nxe4 28.Bxe4 Qc7
29.Bxg7 Kxg7 30.Qe3 Nf6 31.Bf3 Nd7 32.Bg4 Ne5 33.f4 Nxg4 34.hxg4 Qc5 35.Kf2 Qc2+
36.Qe2 Qc5+ 37.Qe3 Qxd5 38.Qc3+ f6 39.Qc7+ Qf7 40.Qxd6 Qxa2 41.Kg3 Qb3+ 42.Kh2 Qe3
43.b4 h5 44.Qc7+ Kf8 45.gxh5 gxh5 46.Qc8+ Kg7 47.Qc7+ Kh6 48.g3 Qe2+ 49.Kh3 Kg6
50.Qd6 Qg4+ 51.Kh2 h4 52.Qd3+ Kh6 53.f5 Qxg3+ 54.Qxg3 hxg3+ 55.Kxg3  0-1

[Event "Smith & Williamson ch-GBR"]
[Site "Scarborough HUN"]
[Date "2001.08.10"]
[Round "11"]
[White "Walker,Martin"]
[Black "Jones,G"]
[Result "1/2-1/2"]
[WhiteElo "2109"]
[BlackElo "2206"]

1.e4 c5 2.Nf3 d6 3.Bb5+ Bd7 4.Bxd7+ Qxd7 5.O-O Nc6 6.c3 Nf6 7.d4 Nxe4 8.d5 Ne5
9.Re1 Nf6 10.Nxe5 dxe5 11.Rxe5 e6 12.c4 Bd6 13.Re1 O-O-O 14.Nc3 exd5 15.Nxd5 Nxd5
16.Qxd5  1/2-1/2

[Event "Lost Boys Open"]
[Site "Amsterdam NED"]
[Date "2001.08.11"]
[Round "2"]
[White "Soderberg,P"]
[Black "Van Beek,L"]
[Result "0-1"]
[WhiteElo "2264"]
[BlackElo "2369"]

1.e4 c5 2.Nf3 d6 3.Bb5+ Nd7 4.a4 Nf6 5.Nc3 g6 6.O-O Bg7 7.Re1 O-O 8.a5 e5
9.d3 h6 10.Nd2 Nb8 11.Nc4 Ne8 12.Nd5 Nc7 13.Nxc7 Qxc7 14.Bd2 Nc6 15.Bxc6 Qxc6
16.Qc1 Kh7 17.b4 Be6 18.Rb1 Bxc4 19.dxc4 cxb4 20.Bxb4 Rfd8 21.Qa3 Bf8 22.Qb3 Rd7
23.Bd2 Rc8 24.Qb5 Qxb5 25.cxb5 Rxc2 26.Be3 Ra2 27.Ra1 Rxa1 28.Rxa1 a6 29.Rb1 d5
30.bxa6 bxa6 31.f3 d4 32.Bd2 Rc7 33.Kf1 Bc5 34.Ke2 Ba7 35.Kd3 Kg7 36.Bb4 Kf6
37.Bd2 h5 38.f4 exf4 39.Bxf4 Rc3+ 40.Kd2 Ra3 41.Bc7 Ra2+ 42.Kd3 Ra3+ 43.Kd2 Ke6
44.Bb6 Bb8 45.Bxd4 Bc7 46.Bb6 Bxh2 47.Ke2 Be5 48.Bd8 Bc3 49.Rb6+ Kd7 50.Bf6 Bxf6
51.Rxf6 Rxa5 52.Rxf7+ Ke6 53.Rf8 Rc5 54.Ke3 a5 55.Kd4 Rg5 56.Ra8 Rxg2 57.Ra6+ Ke7
58.Rxa5 h4 59.Ra3 Rg5 60.Rh3 Rh5 61.Ke3 Kf6 62.Kf4 Re5 63.Re3 g5+ 64.Kg4 Kg6
65.Re1 Re7 66.e5 Ra7 67.Re3 Ra4+ 68.Kh3 Kf7 69.e6+ Ke7 70.Re1 Ra3+ 71.Kh2 g4
72.Re4 Rg3 73.Re1 Rh3+ 74.Kg2 Ra3 75.Re4 h3+ 76.Kh1 Ra1+ 77.Kh2 Ra2+ 78.Kh1 g3
79.Re1 Rf2 80.Kg1 h2+ 81.Kh1 g2+ 82.Kxh2 Rf1  0-1

[Event "I American Continental"]
[Site "Cali COL"]
[Date "2001.08.11"]
[Round "2"]
[White "Estrada Nieto,J"]
[Black "Sunye Neto,J"]
[Result "1/2-1/2"]
[WhiteElo "2348"]
[BlackElo "2558"]

1.e4 c5 2.Nf3 d6 3.Bb5+ Nd7 4.d4 Nf6 5.Nc3 a6 6.Bxd7+ Nxd7 7.a4 b6 8.Be3 e6
9.O-O Be7 10.d5 O-O 11.Qd3 Nf6 12.Nd2 exd5 13.exd5 Bb7 14.Rad1 Re8 15.h3 h6
16.Rb1 b5 17.axb5 axb5 18.Qxb5 Ba6 19.Qb3 Qc7 20.Ra1 Reb8 21.Qa2 Rb4 22.Qb1 Qb7
23.Nb3 Bd8 24.Na2 Rh4 25.Nc3 Rb4 26.Na2 Rh4  1/2-1/2

[Event "I American Continental"]
[Site "Cali COL"]
[Date "2001.08.11"]
[Round "2"]
[White "Garcia,Gild"]
[Black "Ruiz,P"]
[Result "1-0"]
[WhiteElo "2490"]
[BlackElo "2290"]

1.e4 c5 2.Nf3 d6 3.Bb5+ Nd7 4.O-O a6 5.Bxd7+ Bxd7 6.Re1 e6 7.c3 g5 8.d4 g4
9.Nfd2 cxd4 10.cxd4 h5 11.Nc3 Ne7 12.b3 Ng6 13.a4 Rc8 14.Bb2 Nf4 15.Nc4 b5
16.axb5 axb5 17.Ne3 Bg7 18.Ra6 b4 19.Na4 Bb5 20.Ra7 Nd3 21.Qe2 Rb8 22.Rd1 Nc5
23.Qc2 Nxa4 24.bxa4 Rc8 25.Qb3 Be2 26.Re1 Qb6 27.d5 e5 28.Nf5 Qxa7 29.Nxd6+ Kd7
30.Nxc8 Rxc8 31.Rxe2 Qc5 32.h4 Bf6 33.g3 Kd6 34.Re1 Qc4 35.Qe3 Qa6 36.Qh6  1-0

[Event "7th Stage Russian Cup"]
[Site "Togliatty RUS"]
[Date "2001.08.11"]
[Round "4"]
[White "Akimov,I"]
[Black "Razuvajeva,J"]
[Result "1-0"]
[WhiteElo "2300"]
[BlackElo "2223"]

1.e4 c5 2.Nf3 d6 3.Bb5+ Bd7 4.Bxd7+ Nxd7 5.c4 g6 6.O-O Bg7 7.Nc3 Ngf6 8.d3 O-O
9.Bg5 a6 10.Qd2 Rb8 11.a4 Re8 12.Bh6 Ng4 13.Bxg7 Kxg7 14.Ne1 Nge5 15.f4 Nc6
16.Nc2 Nd4 17.Nxd4 cxd4 18.Ne2 e5 19.Rf3 Nc5 20.Raf1 f6 21.b4 Nxa4 22.h4 Rf8
23.h5 Qe7 24.Rh3 Nc3 25.Ng3 Rh8 26.Qf2 b5 27.cxb5 Rxb5 28.Qf3 exf4 29.Qxf4 Rg8
30.Qh4 Rxb4 31.hxg6 hxg6 32.Nf5+ gxf5 33.Rg3+ Kf8 34.Qh6+ Qg7 35.Rxg7 Rxg7
36.Qxf6+ Kg8 37.Qe6+ Kh8 38.Rxf5 Rb1+ 39.Kf2 Rb2+ 40.Kf3 Rgxg2 41.Qh6+  1-0

[Event "TCh-Rep. Srpska"]
[Site "Jahorina BIH"]
[Date "2001.08.12"]
[Round "2"]
[White "Savic,Mio1"]
[Black "Rosic,S"]
[Result "1-0"]
[WhiteElo "2456"]
[BlackElo "2296"]

1.e4 c5 2.Nf3 d6 3.Bb5+ Bd7 4.Bxd7+ Qxd7 5.O-O Nc6 6.Re1 g6 7.c3 Bg7 8.d4 Nf6
9.Bg5 h6 10.Bh4 g5 11.Bg3 Nh5 12.d5 Nb8 13.Ne5 Bxe5 14.Bxe5 Nf6 15.Bxf6 exf6
16.Na3 Qc7 17.Nb5 Qb6 18.a4 a6 19.Na3 Nd7 20.Nc4 Qc7 21.a5 Ne5 22.Qa4+ Kf8
23.Nxe5 fxe5 24.Re3 Ke7 25.Rf3 Rhg8 26.Ra3 Rad8 27.Rb3 Rd7 28.Rb6 Qc8 29.c4 Rc7
30.Rf5 Rd8 31.Qd1 Rdd7 32.Qh5 Qf8 33.Rb3 Qg7 34.Rbf3 Kd8 35.Rf6 g4 36.R3f5 b5
37.Rxh6 Kc8 38.Rg5  1-0

[Event "Asian Championships"]
[Site "Calcutta IND"]
[Date "2001.08.13"]
[Round "6"]
[White "Peng Xiaomin"]
[Black "Zagrebelny,S"]
[Result "1/2-1/2"]
[WhiteElo "2629"]
[BlackElo "2466"]

1.e4 c5 2.Nf3 d6 3.Bb5+ Bd7 4.Bxd7+ Qxd7 5.c4 Nc6 6.Nc3 g6 7.d4 cxd4 8.Nxd4 Nf6
9.Nde2 Bg7 10.f3 O-O 11.O-O a6 12.a4 e6 13.Bg5 Rac8 14.Rb1 h6 15.Be3 Kh7
16.Qd2 Qc7 17.Rfd1 Rfd8 18.b3 Qa5 19.Kh1 Rd7 20.Bf2 d5 21.b4 Nxb4 22.cxd5 exd5
23.e5 Ng8 24.f4 Ne7 25.Nd4 Rc4 26.Rdc1 Nbc6 27.Nb3 Qc7 28.Nc5 Rd8 29.Rxb7 Qc8
30.Rbb1 Qf5 31.Nb7 Rxf4 32.Be3 d4 33.Bxf4 dxc3 34.Qf2 Rd4 35.Be3 Rxa4 36.Qxf5 Nxf5
37.Rxc3 Nxe5 38.Rcb3 Nc4 39.Bg1 Ra2 40.Rc1 Nd2 41.Rd3 Ne4 42.Rf1 h5 43.Nc5 Nxc5
44.Bxc5 Rc2 45.Bb6 Rb2  1/2-1/2